00555nam a2200121 a 450000100100000000500170001000800410002704000250006808200150009324501470010826001570025530000210041200003216320200930063501.0110713s1992 000 spa d aDO-SdBNPbspacBNPHU axxxxbP964 0aPrograma de eventos del 1992 en la República Dominicana con motivo del Quinto Centenario del Descubrimiento y Evangelización de América. aSanto Domingo :bComisión Dominicana Permanente para la Celebración del Quinto Centenario del Descubrimiento y Evangelazación de América,c1992. a115 p. ;c23 cm.